| 000 | 00513nam a2200181 i 4500 | ||
|---|---|---|---|
| 001 | 87853 | ||
| 003 | ES-MaACL | ||
| 005 | 20230906175743.0 | ||
| 007 | t| | ||
| 008 | 041223s1952 sp |||| | spa d | ||
| 100 | 1 |
_aKyne, Peter B. _969105 |
|
| 245 | 1 | 0 |
_aDe un mismo barro _b: novela / _cPeter B. Kyne ; [traducción de Editorial Juventud]. |
| 250 | _a3ª ed. | ||
| 260 |
_aBarcelona : _bJuventud, _c1952. |
||
| 300 |
_a245 p. ; _c17 cm. |
||
| 710 | 2 |
_aEditorial Juventud. _93443 |
|
| 852 |
_aES-MaACL _jC-17536 |
||
| 999 |
_c87853 _d87853 |
||